Audit a uisťovacie služby podľa "medzinárodných audítorských štandardov" (ISA - International standard of auditing) v spoločnosti XY diplomová práca

Guardado en:
Detalles Bibliográficos
Autor principal: Mattová, Sláva
Autor Corporativo: Podnikovohospodárska fakulta EU so sídlom v Košiciach. Katedra účtovníctva a financií
Otros Autores: Polončák, Milan
Formato: Libro
Lenguaje:eslovaco
Publicado: Košice 2010
Etiquetas: Agregar Etiqueta
Sin Etiquetas, Sea el primero en etiquetar este registro!

MARC

LEADER 00000nam$a2200000$$$4500
001 0123091
005 20240318121840.9
041 0 |a slo 
044 |a SK 
245 1 0 |a Audit a uisťovacie služby podľa "medzinárodných audítorských štandardov" (ISA - International standard of auditing) v spoločnosti XY  |b diplomová práca  |c Sláva Mattová ; škol. Milan Polončák 
264 1 |a Košice  |c 2010 
300 |a 78 s. 
100 1 |a Mattová, Sláva 
700 1 |a Polončák, Milan 
710 2 |a Podnikovohospodárska fakulta EU so sídlom v Košiciach. Katedra účtovníctva a financií